| 000 | 01088nam a2200253Ia 4500 | ||
|---|---|---|---|
| 003 | OSt | ||
| 005 | 20220923211043.0 | ||
| 006 | a|||||r|||| 00| 0 | ||
| 007 | ta | ||
| 008 | 220922b |||||||| |||| 00| 0 hin d | ||
| 020 |
_a8173916276 (hbk) _c350 |
||
| 024 | _a245,992 | ||
| 037 |
_b01510, 21/02/2011, Kanishka Publishers Distributors _cTextual |
||
| 040 |
_aARTS _cARTS _bhin |
||
| 041 |
_2hin _ahin |
||
| 082 | _aNR44:(T4:5,1), 152P4 | ||
| 100 |
_aगोस्वामी, शैलेन्द्र कुमार _9157662 |
||
| 245 | 0 |
_aभारतीय संगीत संग्रह _b प्रश्नोत्तरी ज्ञान कोश |
|
| 246 | _aBhāratīya sangīt sangraha: prashnottarī jnyān kosha | ||
| 260 |
_aनई दिल्ली _b कनिष्क पब्लिशर्स _c2004 |
||
| 300 |
_a167पृ. _ccm. |
||
| 942 |
_hNR44:(T4:5,1), 152P4 _cTEXL _2CC |
||
| 999 |
_c294568 _d294568 |
||